000 01054nas a2200313 4500
001 BR2014004207
003 BR-BrBNA
005 20231205124218.0
007 ta
008 230509b bl.|||p| |||| 00| 00por d
040 _aBR-BrBNA
_bpor
_cBiblioteca Nacional de Agricultura
041 _a(Pt)
072 _aF30
100 1 _aAssis, L.C. da S.L.C.
100 1 _aLira, M. de A.
100 1 _aSantos, M.V.F. dos
100 1 _aDubeux Júnior, J.C.B.
100 1 _aCunha, M.V. da
245 1 _aEstimativa de parâmetros genéticos sob duas estratégias de avaliação em híbridos intra e interespecíficos de capim-elefante
650 _aCAPIM ELEFANTE
650 _aGRAMÍNEA FORRAGEIRA
650 _aPARÂMETRO GENÉTICO
650 _aSELEÇÃO
650 _aHEREDITARIEDADE
773 0 _tRevista Brasileira de Zootecnia (Brazil)
_xISSN 1806-9290
_g(Dec 2010), v. 39(12) p. 2589-2597
_wBR2014004207
856 4 0 _uhttp://www.scielo.br/pdf/rbz/v39n12/a05v39n12.pdf
909 _a202311
_bLúcia
_c55
_dLúcia Elande
942 _2AGRIS
_n0
_cANA
999 _c237889
_d237889